Government milk factory, Madras: expert committee's report (Record no. 499476)

000 -LEADER
fixed length control field 00373cam a22001097a 4500
008 - FIXED-LENGTH DATA ELEMENTS--GENERAL INFORMATION
fixed length control field 180718b1954 xxu||||| |||| 00| 0 eng d
082 ## - DEWEY DECIMAL CLASSIFICATION NUMBER
Classification number Z29x5452 M267m
245 ## - TITLE STATEMENT
Title Government milk factory, Madras: expert committee's report
Statement of responsibility, etc. by Agriculture Department, Tamil Nadu
260 ## - PUBLICATION, DISTRIBUTION, ETC.
Place of publication, distribution, etc. Madras
Name of publisher, distributor, etc. Government Press
Date of publication, distribution, etc. 1954
300 ## - PHYSICAL DESCRIPTION
Extent 22p.
700 ## - ADDED ENTRY--PERSONAL NAME
Personal name Tamil Nadu. Agriculture Department
Holdings
Withdrawn status Lost status Damaged status Not for loan Permanent Location Current Location Date acquired Full call number Barcode Date last seen Price effective from Koha item type
        Indian Institute of Public Administration Indian Institute of Public Administration 2018-08-04 Z29x5452 M267m G553 2018-08-04 2018-08-04 G

Powered by Koha